Przyporządkuj powiat województwa łódzkiego do rejestracji - Statystyki

Ogólne statystyki
  • Ten quiz został rozwiązany 22 razy
  • Średni wynik to 18 z 24
Odpowiedzi na mapie
Odpowiedzi zakodowano w zielono-czerwonej skali na mapie do tego quizu, zgodnie z poniższymi procentami.
 
Statystyki odpowiedzi
Odpowiedź % Poprawnych
EPI
89%
EZG
89%
EBR
84%
EL
84%
ESK
84%
EKU
79%
EOP
79%
EP
79%
ERA
79%
ES
79%
ESI
79%
EBE
74%
ELA
74%
EPA
74%
ERW
74%
ELE
68%
ELW
68%
EPD
68%
EWE
68%
ELC
63%
EPJ
63%
EWI
63%
EZD
63%
ETM
58%
Nie znaleziono quizów pasujących do podanych kryteriów
Rozkład punktacji
Procent ludzi z każdym wynikiem
Percentyl według liczby udzielonych odpowiedzi
Twoja historia wyników
Nie rozwiązałeś tego quizu